Применение программных средств в системе менеджмента качества; Стандарты и качество; № 1

Dades bibliogràfiques
Parent link:Стандарты и качество: научно-технический журнал/ Российская Федерация, Государственный комитет по стандартизации и метрологии (Госстандарт России).— , 1980-.— 0038-9692
№ 1.— 2004.— С. 80-84
Autor principal: Ивлев В.
Altres autors: Попова Т.
Idioma:rus
Publicat: 2004
Col·lecció:Качество: национальная программа
Matèries:
Format: Capítol de llibre
KOHA link:https://koha.lib.tpu.ru/cgi-bin/koha/opac-detail.pl?biblionumber=459598

MARC

LEADER 00000naa2a2200000 4500
001 459598
005 20231101085145.0
035 |a (RuTPU)RU\TPU\prd\123394 
035 |a RU\TPU\prd\24384 
090 |a 459598 
100 |a 20111024a2004 k y0rusy50 ca 
101 0 |a rus 
102 |a RU 
200 1 |a Применение программных средств в системе менеджмента качества  |f В. Ивлев, Т. Попова 
225 1 |a Качество: национальная программа 
320 |a Библиогр.: 5 назв. 
461 1 |0 (RuTPU)RU\TPU\prd\992  |x 0038-9692  |t Стандарты и качество  |o научно-технический журнал  |f Российская Федерация, Государственный комитет по стандартизации и метрологии (Госстандарт России)  |d 1980- 
463 1 |0 (RuTPU)RU\TPU\prd\123369  |t № 1  |v С. 80-84  |d 2004 
610 1 |a система качества 
610 1 |a менеджмент качества 
610 1 |a программные средства 
610 1 |a применение 
610 1 |a сертификация 
610 1 |a подготовка документов 
610 1 |a инновации 
610 1 |a измерения качества 
700 1 |a Ивлев  |b В. 
701 1 |a Попова  |b Т. 
801 1 |a RU  |b 63413507  |c 20040325  |g PSBO 
801 2 |a RU  |b 63413507  |c 20111024  |g RCR 
942 |c BK